Fábulas de mutación
Պահպանված է:
| Հիմնական հեղինակ: | |
|---|---|
| Ձևաչափ: | Գիրք |
| Լեզու: | իսպաներեն |
| Հրապարակվել է: |
Buenos Aires
Eudeba
1988
|
| Շարք: | Colección Fuego en el Fuego
|
| Խորագրեր: | |
| Ցուցիչներ: |
Ավելացրեք ցուցիչ
Չկան պիտակներ, Եղեք առաջինը, ով նշում է այս գրառումը!
|
MARC
| LEADER | 00000nam a2200000 a 4500 | ||
|---|---|---|---|
| 001 | UCW3994 | ||
| 003 | CL-VaPUC | ||
| 008 | 890711e19880000AG |||||||||||||||||spa|d | ||
| 082 | 0 | 4 | |a Ar861 |b MIN |2 21 |
| 100 | |a Minieri, Ramón |e autor |9 308475 | ||
| 245 | 1 | 0 | |a Fábulas de mutación |
| 300 | |a 78 p | ||
| 942 | |c BK | ||
| 945 | |d 19890711 00:00:00 | ||
| 260 | |a Buenos Aires |b Eudeba |c 1988 | ||
| 650 | 0 | |a Poesía argentina |9 265575 | |
| 583 | |a last modification |c 20120720 11:48:03 |k Rodrigo Vera | ||
| 490 | 0 | |a Colección Fuego en el Fuego | |
| 999 | |c 217835 |d 217833 | ||
| 952 | |0 0 |1 0 |4 0 |6 AR_861_000000000000000_MIN_1988 |7 0 |8 A |9 206392 |a BIBEDU |b BIBEDU |d 2019-11-15 |i 2741687 |o Ar861 MIN 1988 |p 2741687 |r 2019-11-15 |w 2019-11-15 |y BK |k EDU | ||